| 000 | 00439nam a22001577a 4500 | ||
|---|---|---|---|
| 005 | 20251108164027.0 | ||
| 008 | 250721s1987 xx 000 0 ara d | ||
| 082 | 1 | 4 | _a150/جما |
| 100 | 1 | _aالخطيب، جمال | |
| 245 | 1 | 0 |
_aتعديل السلوك : _bالقوانين و الإجراءات / |
| 264 | 1 |
_aعمان : _bالمؤلف، _c1987. |
|
| 300 | _a296ص | ||
| 650 | 1 | 7 | _aعلم النفس |
| 942 |
_2ddc _cBK |
||
| 999 |
_c1757 _d1757 |
||